| 000 -LEADER |
| fixed length control field |
00695nam a22001577a 4500 |
| 003 - CONTROL NUMBER IDENTIFIER |
| control field |
OSt |
| 005 - DATE AND TIME OF LATEST TRANSACTION |
| control field |
20150915143232.0 |
| 008 - FIXED-LENGTH DATA ELEMENTS--GENERAL INFORMATION |
| fixed length control field |
150915b xxu||||| |||| 00| 0 eng d |
| 040 ## - CATALOGING SOURCE |
| Transcribing agency |
RUA |
| 082 ## - DEWEY DECIMAL CLASSIFICATION NUMBER |
| Classification number |
AGR,TONG,2003,B029,Or.1 |
| 100 ## - MAIN ENTRY--PERSONAL NAME |
| 9 (RLIN) |
520 |
| Personal name |
TONG SOKHOM |
| 245 ## - TITLE STATEMENT |
| Title |
The effects of the use of different levels of effluent fertilzer on the growth of water spinach,(ឥទ្ធិពលនៃការប្រើប្រាស់ជីឡឧស្ម័នក្នុងកំរិតផ្សេងៗគា្នទៅលើការលូតលាស់របស់ដំណាំត្រកួន) |
| 260 ## - PUBLICATION, DISTRIBUTION, ETC. (IMPRINT) |
| Place of publication, distribution, etc. |
phonm pehn |
| Name of publisher, distributor, etc. |
RUA |
| Date of publication, distribution, etc. |
2003 |
| 300 ## - PHYSICAL DESCRIPTION |
| Extent |
56p. |
| Dimensions |
ill. |
| Size of unit |
29cm. |
| 942 ## - ADDED ENTRY ELEMENTS (KOHA) |
| Source of classification or shelving scheme |
|
| Koha item type |
AGR |